000 00341 a2200121 4500
001 ART_12796
005 20260410161733.0
008 260409a
245 1 0 _aCon el "agua" al cuello
100 1 _aExpósito, David
700 1 _aArtana, Daniel
773 0 _tEjecutivos de finanzas
_g- Año 6, Nº 48 (ago. 1988)
_wREV2863
999 _c18041
_d18041